书目信息 |
| 题名: |
普通高等学校军训教程
|
|
| 作者: | 秦同喜 主编 | |
| 分册: | ||
| 出版信息: | 石家庄 河北教育出版社 2005 |
|
| 页数: | 435页 | |
| 开本: | 20cm | |
| 丛书名: | ||
| 单 册: | ||
| 中图分类: | E251 | |
| 科图分类: | ||
| 主题词: | 国防建设--中国 , 战备--中国 | |
| 电子资源: | ||
| ISBN: | 7-5434-5169-7 | |
| 000 | 00670nam0 2200229 450 | |
| 001 | 0635717843 | |
| 005 | 20061011091716.00 | |
| 010 | @a7-5434-5169-7@dCNY18.00 | |
| 100 | @a20060928d2005 km y0chiy0120 ea | |
| 101 | 0 | @achi |
| 102 | @aCN@b130000 | |
| 200 | 1 | @a普通高等学校军训教程@Apu tong gao deng xue xiao jun xun jiao cheng@f秦同喜主编@Fqin tong xi zhu bian |
| 205 | @a第二版 | |
| 210 | @a石家庄@c河北教育出版社@d2005 | |
| 215 | @a435页@d20cm | |
| 300 | @a河北省普通高校学生军训统编教材 | |
| 606 | 0 | @a国防建设@x中国 |
| 606 | 0 | @a战备@x中国 |
| 690 | @aE251@v3 | |
| 701 | 0 | @a秦同喜@Aqin tong xi@4主编 |
| 801 | 0 | @aCN@bPFT@c20061011 |
| 905 | @a10447@dE251@e7=2 | |
| 普通高等学校军训教程/秦同喜主编.-第二版.-石家庄:河北教育出版社,2005 |
| 435页;20cm |
| 河北省普通高校学生军训统编教材 |
| ISBN 7-5434-5169-7:CNY18.00 |
| ● |
| 相关链接 |
|
|
|
|
正题名:普通高等学校军训教程
索取号:E251/7=2
 
预约/预借
| 序号 | 登录号 | 条形码 | 馆藏地/架位号 | 状态 | 备注 |
| 1 | 0493116 | 204931164 | 密集书库/ [索取号:E251/7=2] | 在馆 | |
| 2 | 0493117 | 204931173 | 密集书库/ [索取号:E251/7=2] | 在馆 | |
| 3 | 0493118 | 204931182 | 密集书库/ [索取号:E251/7=2] | 在馆 | |
| 4 | 0493119 | 204931191 | 密集书库/ [索取号:E251/7=2] | 在馆 | |
| 5 | 0493120 | 204931208 | 密集书库/ [索取号:E251/7=2] | 在馆 | |
| 6 | 0493121 | 204931217 | 密集书库/ [索取号:E251/7=2] | 在馆 | |
| 7 | 0493122 | 204931226 | 密集书库/ [索取号:E251/7=2] | 在馆 | |
| 8 | 0493123 | 204931235 | 密集书库/ [索取号:E251/7=2] | 在馆 | |
| 9 | 0493124 | 204931244 | 密集书库/ [索取号:E251/7=2] | 在馆 | |
| 10 | 0493125 | 204931253 | 密集书库/ [索取号:E251/7=2] | 在馆 | |
| 11 | 0494620 | 204946201 | 密集书库/ [索取号:E251/7=2] | 在馆 | |
| 12 | 0494621 | 204946210 | 密集书库/ [索取号:E251/7=2] | 在馆 |